000
00322nam a22001457a 4500
020
_a
81-7180-937-5
082
_a
894.812.3
_b
KUM/M
100
_a
KUMAR,M. S
245
_a
MITTAYI MANIYAN
250
_a
SECOND
260
_a
KOZHIKODE
_b
POORNA PUBLICATIONS
_c
2008
300
_a
72
650
_a
STORY
_z
KOZHIKODE
942
_c
BK
999
_c
7122
_d
7122